000 00714nam a2200229Ia 4500
001 16593
003 GE_BSU
008 181216s||||||||xx |||||||||||||| ||und||
040 _cGE_BSU
080 _a821.353.1-2
100 _aკანდელაკი, ვალერიან
245 _aრევაზ პირველი
245 _bპიესა 4 მოქმ., 7 სურათად
245 _cრედ.ვლ.შარაშიძე
260 _aბათუმი
260 _bაჭარის სახელგამი
260 _c1954
300 _a93გვ. ; 19სმ..
653 _aპიესა
653 _aრევაზ პირველი
942 _cBK
999 _c49661
_d49661